Statystyki dla Kto jest autorem tego quizu?

Kliknij tutaj aby rozwiązać quiz!

Ogólne statystyki

  • Ten quiz został rozwiązany 29 razy
  • Średni wynik to 4 z 10

Statystyki odpowiedzi

ZagadnienieOdpowiedź% Poprawnych
Państwa Świata to najpopularniejszy quiz na polskim JetPunku. Ma około 2 milionów rozwiązań. Ale kto go dodał?Quizmaster
75%
Quiz Tablica Mendelejewa jest autorstwa:Arcolris
46%
Jedenaście kolorów to pierwszy quiz w tym zestawieniu, który ma liczbę rozwiązań wynoszącą poniżej 100 tysięcy. A jego autorem jest:youtubeplayer
46%
A quiz który rozwiązujesz obecnie? Tylko nie wjeżdżaj na górę strony, żeby sprawdzić, bądź fair.Pandryf
42%
Ocal Ludzkość, Zgadując Kraje należy do:GeoPhilia
38%
12 Miesięcy w 15 sekund to drugi najpopularniejszy quiz i jednocześnie najpopularniejszy, którego nie dodał autor strony. Jeżeli nie on, to kto?Jerry928
33%
Dalej mamy Państwa Europy. Quiz ten został wrzucony przez:relessness
33%
Ostatnim quizem będzie II wojna światowa dla głupich. W tym przypadku autorem jest:youtubeplayer
33%
Najpopularniejszym niepoleconym quizem jest Szybkie pisanie do 100. Jego autorem jest nikt inny, jak:Jerry928
29%
Czas na trochę polskiego akcentu - Województwa Polski (z Mapą) to quiz stworzony przez:Savik
29%

Rozkład punktacji

Percentyl według liczby udzielonych odpowiedzi

Procent ludzi z każdym wynikiem

Twoja historia wyników

Nie rozwiązałeś tego quizu